[Event "Madrid-ch Previa-A"]
[Site "Madrid"]
[Date "2025.02.04"]
[Round "2.18"]
[White "Alvarez Abejon, Amilcar"]
[Black "Fernandez Rios, Jose Francisco"]
[Result "1-0"]
[WhiteElo "1912"]
[BlackElo "1720"]
[PlyCount "55"]
[GameId "2143742297706613"]
[EventDate "2025.02.03"]
[EventType "swiss"]
[EventRounds "9"]
[EventCountry "ESP"]

1. c4 c5 2. Nf3 g6 3. d4 cxd4 4. Nxd4 Bg7 5. e4 Nc6 6. Be3 Nf6 7. Nc3 O-O 8. Be2 d6 9. O-O Bd7 10. f4 Nxd4 11. Bxd4 Bc6 12. Bf3 a5 13. b3 Nd7 14. Bxg7 Kxg7 15. Kh1 Qc7 16. Qd2 b6 17. Rae1 Kg8 18. Nd5 Qd8 19. e5 dxe5 20. Nxe7+ Qxe7 21. Bxc6 Rad8 22. fxe5 Nxe5 23. Bd5 Qd6 24. Qg5 Nd7 25. Rxf7 Kh8 26. Ref1 Ne5 27. Rxf8+ Rxf8 28. Rxf8+ 1-0

[Event "Madrid-ch Previa-A"]
[Site "Madrid"]
[Date "2025.02.04"]
[Round "2.19"]
[White "Pinan Gaviria, Jose"]
[Black "Bocancea, Cristian Andrei"]
[Result "1/2-1/2"]
[WhiteElo "1803"]
[BlackElo "1905"]
[PlyCount "63"]
[GameId "2143743135371396"]
[EventDate "2025.02.03"]
[EventType "swiss"]
[EventRounds "9"]
[EventCountry "ESP"]

1. e4 c5 2. Nf3 d6 3. Bb5+ Bd7 4. Bxd7+ Nxd7 5. O-O g6 6. c3 Bg7 7. d4 Qc7 8. d5 Ngf6 9. Re1 O-O 10. Nbd2 c4 11. Qe2 b5 12. Nd4 a6 13. Nc6 Nc5 14. Qf3 Rfe8 15. Nf1 Nfd7 16. Rd1 Ne5 17. Nxe5 Bxe5 18. Ne3 a5 19. Ng4 Bg7 20. Bh6 Nd3 21. Bxg7 Kxg7 22. Rab1 Rab8 23. Qe3 h5 24. Qh6+ Kg8 25. Ne3 Qc5 26. Rd2 b4 27. Nf5 gxf5 28. Qg5+ Kf8 29. Qh6+ Kg8 30. Qg5+ Kf8 31. Qh6+ Kg8 32. Qg5+ 1/2-1/2

[Event "Madrid-ch Previa-A"]
[Site "Madrid"]
[Date "2025.02.04"]
[Round "2.20"]
[White "Lopez Manso, Jeronimo"]
[Black "Lopez de Turiso, Jose Angel"]
[Result "0-1"]
[WhiteElo "1528"]
[BlackElo "1967"]
[PlyCount "52"]
[GameId "2143857593086038"]
[EventDate "2025.02.03"]
[EventType "swiss"]
[EventRounds "9"]
[EventCountry "ESP"]

1. f4 g6 2. Nf3 Bg7 3. e3 c5 4. Nc3 a6 5. a4 Nc6 6. Bc4 e6 7. e4 d6 8. O-O Nge7 9. Ne2 d5 10. exd5 exd5 11. Ba2 O-O 12. c3 b5 13. d4 c4 14. Bb1 b4 15. Ng3 f5 16. h4 Bf6 17. h5 Kg7 18. Re1 Ng8 19. Kf2 Nh6 20. Ne5 Bxe5 21. dxe5 Ng4+ 22. Kf3 d4 23. Ne2 d3 24. Nd4 Nxd4+ 25. cxd4 Qh4 26. g3 Bb7+ 0-1

[Event "Madrid-ch Previa-A"]
[Site "Madrid"]
[Date "2025.02.04"]
[Round "2.21"]
[White "Perez Hernandez, Alfonso"]
[Black "Fernandez Garcia, Ignacio"]
[Result "1/2-1/2"]
[WhiteElo "1794"]
[BlackElo "1790"]
[PlyCount "63"]
[GameId "2143858356363385"]
[EventDate "2025.02.03"]
[EventType "swiss"]
[EventRounds "9"]
[EventCountry "ESP"]

1. Nf3 Nc6 2. c4 e5 3. Nc3 Nf6 4. g3 d6 5. Bg2 Be7 6. d3 O-O 7. O-O Bd7 8. e3 Qc8 9. Re1 Nd8 10. d4 Bc6 11. d5 Bd7 12. b3 Ne8 13. Ba3 f5 14. Nxe5 Bf6 15. Nxd7 Qxd7 16. Bb2 Nf7 17. Qc2 Ng5 18. h4 Nf7 19. Ne2 Bxb2 20. Qxb2 Nf6 21. Qc2 g6 22. Nd4 Nh6 23. Ne6 Rf7 24. Re2 Re7 25. Rae1 c6 26. e4 fxe4 27. Bxe4 cxd5 28. Bxd5 Nxd5 29. cxd5 Rae8 30. Qd2 Ng4 31. Qg5 Ne5 32. Kg2 1/2-1/2

[Event "Madrid-ch Previa-A"]
[Site "Madrid"]
[Date "2025.02.04"]
[Round "2.22"]
[White "Ruiz Bellon, Manuel"]
[Black "Lozano Argueso, Cesar"]
[Result "0-1"]
[WhiteElo "1965"]
[BlackElo "1935"]
[PlyCount "62"]
[GameId "2143859201286281"]
[EventDate "2025.02.03"]
[EventType "swiss"]
[EventRounds "9"]
[EventCountry "ESP"]

1. e4 c5 2. Nc3 Nc6 3. g3 g6 4. Bg2 Bg7 5. d3 e6 6. Be3 Nd4 7. Qd2 Ne7 8. Nd1 d6 9. c3 Ndc6 10. Bh6 O-O 11. h4 f5 12. h5 Rf7 13. Nh3 Ne5 14. Bxg7 Rxg7 15. Ne3 g5 16. h6 Rg6 17. O-O-O Nf7 18. d4 cxd4 19. Qxd4 e5 20. Qd2 f4 21. Nf5 Nxf5 22. exf5 Bxf5 23. Ng1 e4 24. gxf4 Qa5 25. Qd5 Qxd5 26. Rxd5 gxf4 27. Rxf5 Rxg2 28. Nh3 Ne5 29. Nxf4 Rxf2 30. Rg1+ Kh8 31. Ng6+ hxg6 0-1

[Event "Madrid-ch Previa-A"]
[Site "Madrid"]
[Date "2025.02.04"]
[Round "2.23"]
[White "Camarero Izquierdo, Juan Carlos"]
[Black "Diez Acero, Pablo"]
[Result "1-0"]
[WhiteElo "1936"]
[BlackElo "1639"]
[PlyCount "62"]
[GameId "2143866823368912"]
[EventDate "2025.02.03"]
[EventType "swiss"]
[EventRounds "9"]
[EventCountry "ESP"]

1. d4 d5 2. Nc3 Bf5 3. Bf4 e6 4. e3 Nc6 5. Bd3 Bg6 6. Bxg6 hxg6 7. Nf3 f6 8. Qd3 Nge7 9. O-O-O a6 10. e4 Qd7 11. Rhe1 O-O-O 12. Na4 dxe4 13. Qxe4 Nd5 14. Nc5 Bxc5 15. dxc5 Qf7 16. Bg3 Rhe8 17. Nd4 Nxd4 18. Rxd4 e5 19. Ra4 g5 20. c6 f5 21. cxb7+ Kxb7 22. Qc4 Qf6 23. f3 f4 24. Bf2 Re6 25. Rd1 Ne3 26. Qe4+ Rd5 27. Rxd5 Nxd5 28. Qxd5+ Kc8 29. Re4 g4 30. fxg4 f3 31. gxf3 Qxf3 1-0

[Event "Madrid-ch Previa-A"]
[Site "Madrid"]
[Date "2025.02.04"]
[Round "2.24"]
[White "De Juan Rivas, Antonio"]
[Black "Hetz, Robert"]
[Result "0-1"]
[WhiteElo "1647"]
[BlackElo "1825"]
[PlyCount "75"]
[GameId "2143867594703071"]
[EventDate "2025.02.03"]
[EventType "swiss"]
[EventRounds "9"]
[EventCountry "ESP"]

1. d4 d5 2. Nf3 Nf6 3. Bf4 c5 4. e3 Nc6 5. Nbd2 Qb6 6. dxc5 Qxb2 7. a3 e6 8. Nb3 Ne4 9. Bb5 Qc3+ 10. Nfd2 Nxd2 11. Qxd2 Qxd2+ 12. Kxd2 Be7 13. Nd4 Bd7 14. Bd6 Bxd6 15. cxd6 Nxd4 16. Bxd7+ Kxd7 17. exd4 Kxd6 18. Rab1 b6 19. Rb5 Rhc8 20. Kd3 Rc4 21. Rhb1 Rac8 22. R1b2 Rc3+ 23. Kd2 Rxa3 24. R5b3 Ra4 25. Rb4 Rxb4 26. Rxb4 Rc4 27. c3 Rxb4 28. cxb4 Kc6 29. Kc2 Kb5 30. Kb3 a5 31. bxa5 bxa5 32. f4 h5 33. g3 a4+ 34. Kc3 a3 35. h3 a2 36. Kb2 Kc4 37. g4 hxg4 38. hxg4 0-1

[Event "Madrid-ch Previa-A"]
[Site "Madrid"]
[Date "2025.02.04"]
[Round "2.25"]
[White "Ropero Galan, Samuel"]
[Black "Martin Consuegra, Barrilero Javier"]
[Result "0-1"]
[WhiteElo "1623"]
[BlackElo "1798"]
[PlyCount "57"]
[GameId "2143870409994481"]
[EventDate "2025.02.03"]
[EventType "swiss"]
[EventRounds "9"]
[EventCountry "ESP"]

1. e4 d6 2. d4 Nf6 3. Nc3 c6 4. Bg5 Nbd7 5. Bc4 h6 6. Bh4 e5 7. Nf3 Be7 8. Qe2 Qc7 9. Rd1 O-O 10. O-O b5 11. Bb3 a6 12. dxe5 Nxe5 13. Bg3 a5 14. a3 b4 15. Nxe5 dxe5 16. axb4 axb4 17. Na2 Bb7 18. f4 Ba6 19. Bc4 Bxc4 20. Qxc4 Qa7+ 21. Kh1 Qxa2 22. Qxc6 Qe6 23. Qxe6 fxe6 24. fxe5 Nxe4 25. Rfe1 Nxg3+ 26. hxg3 Rf2 27. Rd7 Bf8 28. Re4 Rxc2 29. Rxb4 0-1

[Event "Madrid-ch Previa-A"]
[Site "Madrid"]
[Date "2025.02.04"]
[Round "2.26"]
[White "Perez de las Penas, Jorge Ivan"]
[Black "Forteza Ribot, Juan"]
[Result "1-0"]
[WhiteElo "1620"]
[BlackElo "1795"]
[PlyCount "108"]
[GameId "2143875714990344"]
[EventDate "2025.02.03"]
[EventType "swiss"]
[EventRounds "9"]
[EventCountry "ESP"]

1. e4 e5 2. Nf3 Nc6 3. Bc4 Be7 4. Nc3 Nf6 5. O-O O-O 6. a3 d6 7. h3 Be6 8. Bxe6 fxe6 9. d4 exd4 10. Nxd4 Nxd4 11. Qxd4 Kh8 12. Be3 e5 13. Qd1 c6 14. Bg5 h6 15. Bxf6 Rxf6 16. Qd2 Qd7 17. Rad1 Rg6 18. Kh1 Rf8 19. f4 exf4 20. Rxf4 Rxf4 21. Qxf4 Qe6 22. Ne2 Rf6 23. Qe3 Qc4 24. c3 Re6 25. Rd4 Qb5 26. Rb4 Qa6 27. Qf2 Rf6 28. Qe1 d5 29. Rd4 Bc5 30. Rd1 dxe4 31. Ng3 e3 32. Ne4 Qb6 33. Nxf6 gxf6 34. b4 Bf8 35. Rd3 a5 36. Rxe3 c5 37. Re6 Qc7 38. Rxf6 Bg7 39. Qe8+ Kh7 40. Qg6+ Kg8 41. Rf3 Qe7 42. Rf1 cxb4 43. cxb4 axb4 44. axb4 Qxb4 45. Rb1 Qe7 46. Ra1 Qf8 47. Rb1 Qc8 48. Re1 Kf8 49. Rf1+ Kg8 50. Rf7 Qc1+ 51. Kh2 Qc3 52. Rxb7 Qe5+ 53. Qg3 Qf6 54. Rb8+ Kh7 1-0

[Event "Madrid-ch Previa-A"]
[Site "Madrid"]
[Date "2025.02.04"]
[Round "2.27"]
[White "De Dompablo Fantova, Juan"]
[Black "Carbo de Haya, Jaime"]
[Result "1-0"]
[WhiteElo "1782"]
[BlackElo "1622"]
[PlyCount "91"]
[GameId "2143880878944539"]
[EventDate "2025.02.03"]
[EventType "swiss"]
[EventRounds "9"]
[EventCountry "ESP"]

1. e4 c5 2. Nc3 Nc6 3. f4 g6 4. Nf3 Bg7 5. Bb5 Nd4 6. Bc4 e6 7. O-O a6 8. a4 Nc6 9. d3 Na5 10. Ba2 Ne7 11. Qe1 Rb8 12. Qh4 d5 13. exd5 Bxc3 14. bxc3 exd5 15. Qf6 O-O 16. Ba3 b6 17. d4 Nc4 18. Bxc4 dxc4 19. dxc5 Nd5 20. Qe5 Bf5 21. Rfd1 Be6 22. c6 Re8 23. c7 Qxc7 24. Rxd5 Qxe5 25. Rxe5 f6 26. Re3 Kf7 27. Nd4 Bd5 28. Rae1 Rxe3 29. Rxe3 b5 30. axb5 axb5 31. Kf2 h5 32. Re7+ Kg8 33. g3 f5 34. Re5 Be4 35. Rxb5 Ra8 36. Bb4 Bxc2 37. Ra5 Rxa5 38. Bxa5 Bd3 39. Bd8 Kf7 40. Ke3 Ke8 41. Bg5 Kd7 42. Nf3 Kd6 43. Ne5 Kd5 44. Nxd3 cxd3 45. Kxd3 Kc5 46. c4 1-0

[Event "Madrid-ch Previa-A"]
[Site "Madrid"]
[Date "2025.02.04"]
[Round "2.28"]
[White "Diaz Del Prado, Carlos"]
[Black "Guardiola Sevilla, Antonio"]
[Result "0-1"]
[WhiteElo "1597"]
[BlackElo "1777"]
[PlyCount "110"]
[GameId "2143882530599209"]
[EventDate "2025.02.03"]
[EventType "swiss"]
[EventRounds "9"]
[EventCountry "ESP"]

1. d4 Nf6 2. Nf3 e6 3. e3 c5 4. c3 Nc6 5. Bd3 d5 6. Nbd2 Bd6 7. O-O O-O 8. Qe2 Re8 9. e4 dxe4 10. Nxe4 Nxe4 11. Qxe4 f5 12. Qe2 cxd4 13. cxd4 Nb4 14. Bb1 b6 15. Rd1 Ba6 16. Qd2 Rc8 17. a3 Nd5 18. Qg5 Qxg5 19. Bxg5 h6 20. Bd2 Be2 21. Re1 Bxf3 22. gxf3 Kf7 23. Ba2 Rc2 24. Bxd5 Rxd2 25. Bc6 Re7 26. Red1 Rxb2 27. d5 e5 28. Rac1 Rb3 29. a4 Rxf3 30. Bb5 Rc7 31. Rxc7+ Bxc7 32. d6 Bd8 33. Rc1 Ke6 34. Rc8 a6 35. Bxa6 Kd7 36. Bb7 Rd3 37. Rc6 Rxd6 38. Rxd6+ Kxd6 39. f3 Kc5 40. Ba6 Kd4 41. Kg2 Ke3 42. Bb7 g5 43. Kf1 g4 44. fxg4 fxg4 45. Bc6 h5 46. Bb7 e4 47. Bc6 Bc7 48. Be8 h4 49. Bd7 Kf3 50. Kg1 Be5 51. Bc6 Bd4+ 52. Kf1 g3 53. hxg3 hxg3 54. Bxe4+ Kxe4 55. Kg2 Bf2 0-1

[Event "Madrid-ch Previa-A"]
[Site "Madrid"]
[Date "2025.02.04"]
[Round "2.29"]
[White "Castro Miranda, Juan Raul"]
[Black "Veuthey Martinez, Eloy"]
[Result "1/2-1/2"]
[WhiteElo "1776"]
[BlackElo "1601"]
[PlyCount "168"]
[GameId "2143883659596087"]
[EventDate "2025.02.03"]
[EventType "swiss"]
[EventRounds "9"]
[EventCountry "ESP"]

1. e4 d6 2. Nf3 Nf6 3. Nc3 e5 4. Bc4 Be7 5. h3 c6 6. Bb3 O-O 7. O-O b5 8. a3 Bb7 9. d3 Qc7 10. Ne2 d5 11. Ng3 dxe4 12. dxe4 c5 13. Qe2 c4 14. Ba2 Nbd7 15. Bg5 h6 16. Bxf6 Nxf6 17. c3 Rfe8 18. Rad1 Rad8 19. Bb1 Bc5 20. Nh4 Bc8 21. Nhf5 Bxf5 22. Nxf5 Rxd1 23. Rxd1 Rd8 24. g3 Rxd1+ 25. Qxd1 Qd7 26. Qe2 a6 27. Kg2 Bf8 28. Bc2 g6 29. Nh4 Be7 30. Nf3 Qd6 31. Qe3 Bf8 32. g4 Kh7 33. Qa7 Kg7 34. Kg3 Qe6 35. Qe3 Kh7 36. Bd1 Qd7 37. Bc2 Qe6 38. Nh2 Qd7 39. Nf3 Qe6 40. Qa7 Kg7 41. Qb8 Bd6 42. Qb6 Bf8 43. Qxe6 fxe6 44. Ne1 Kf7 45. Nf3 Nd7 46. Ne1 Bg7 47. Nf3 Nc5 48. Nd2 g5 49. Kf3 Ke7 50. Nf1 Kf6 51. Ke3 Ke7 52. Ng3 Kf7 53. Nf1 Ke7 54. Nd2 Kf7 55. Nf3 Ke7 56. h4 Kf6 57. hxg5+ hxg5 58. Nd2 Bf8 59. a4 Be7 60. axb5 axb5 61. Nb1 Na6 62. b3 Bc5+ 63. Kf3 cxb3 64. Bxb3 b4 65. Ke2 bxc3 66. Nxc3 Nb4 67. Nb5 Nc6 68. Bc4 Nd4+ 69. Kf1 Nxb5 70. Bxb5 Bd4 71. Ke2 Bc5 72. f3 Bd4 73. Kd3 Ke7 74. Kc4 Kd6 75. Be8 Be3 76. Kb5 Bd4 77. Bf7 Be3 78. Ka6 Bd4 79. Kb7 Be3 80. Kc8 Bf4 81. Kd8 Kc5 82. Ke7 Kd4 83. Kxe6 Ke3 84. Kf5 Kxf3 1/2-1/2

[Event "Madrid-ch Previa-A"]
[Site "Madrid"]
[Date "2025.02.04"]
[Round "2.30"]
[White "Calle Trueba, Jose Antonio"]
[Black "Huerta Navarro, Eusebio"]
[Result "0-1"]
[WhiteElo "1590"]
[BlackElo "1772"]
[PlyCount "76"]
[GameId "2142781166858304"]
[EventDate "2025.02.03"]
[EventType "swiss"]
[EventRounds "9"]
[EventCountry "ESP"]

1. e4 e5 2. Nf3 Nf6 3. Nxe5 d6 4. Nf3 Nxe4 5. d4 d5 6. Bd3 Be7 7. O-O O-O 8. c3 Bg4 9. Nbd2 Ng5 10. Re1 Nd7 11. Be2 c6 12. Nxg5 Bxe2 13. Rxe2 Bxg5 14. Nf3 Bxc1 15. Rxc1 Nf6 16. Qb3 Qc7 17. Rce1 Rfe8 18. Rxe8+ Rxe8 19. Rxe8+ Nxe8 20. a4 Qe7 21. Qd1 Nd6 22. Qe1 Kf8 23. Qxe7+ Kxe7 24. Nd2 Kf6 25. f3 Kf5 26. Kf2 h5 27. h4 g5 28. hxg5 Kxg5 29. g3 f5 30. b3 f4 31. Nf1 Nf5 32. a5 fxg3+ 33. Nxg3 Nxg3 34. Kxg3 h4+ 35. Kf2 Kf4 36. c4 h3 37. cxd5 cxd5 38. b4 a6 0-1

[Event "Madrid-ch Previa-A"]
[Site "Madrid"]
[Date "2025.02.04"]
[Round "2.31"]
[White "Cujba, Anca Claudia"]
[Black "Iturrizaga Ramirez, Eduardo Roberto"]
[Result "1-0"]
[WhiteElo "1747"]
[BlackElo "1591"]
[PlyCount "121"]
[GameId "2143929756270749"]
[EventDate "2025.02.03"]
[EventType "swiss"]
[EventRounds "9"]
[EventCountry "ESP"]

1. e4 e5 2. Nf3 Nc6 3. Nc3 Nf6 4. d4 d6 5. dxe5 dxe5 6. Qxd8+ Kxd8 7. Bc4 Ke8 8. Ng5 Nd8 9. Nb5 Bd6 10. Nxd6+ cxd6 11. Bb5+ Bd7 12. Bxd7+ Kxd7 13. f3 h6 14. Nh3 Rc8 15. c3 Ne6 16. Be3 Nc5 17. Rd1 b6 18. O-O Na4 19. Rd2 Nc5 20. Nf2 g5 21. Rfd1 Nb7 22. Nd3 Ke6 23. g3 Na5 24. Rc2 Nc4 25. Bc1 Na5 26. Nb4 Nc6 27. Nd5 Nd7 28. Rcd2 Rhd8 29. Ne3 Nc5 30. Nf5 Nb7 31. Nxh6 Ne7 32. Rd3 Rh8 33. Bxg5 f6 34. Be3 Ng8 35. Nf5 Rd8 36. b3 Ne7 37. Nxe7 Kxe7 38. b4 Rh3 39. R3d2 Ke6 40. c4 Rhh8 41. Rd5 Ke7 42. c5 bxc5 43. bxc5 dxc5 44. Rxd8 Rxd8 45. Rxd8 Kxd8 46. h4 Kd7 47. h5 Kc6 48. Kf1 Nd8 49. Ke2 Kb5 50. Kd3 a5 51. Kc3 Nf7 52. h6 c4 53. a4+ Kxa4 54. Kxc4 Ka3 55. Bc1+ Ka4 56. h7 Nh8 57. Bh6 Ka3 58. Bg7 Ng6 59. Bxf6 a4 60. h8=Q Nxh8 61. Bxh8 1-0

[Event "Madrid-ch Previa-A"]
[Site "Madrid"]
[Date "2025.02.04"]
[Round "2.32"]
[White "Vasquez Escobar, Andres Eloy"]
[Black "Ortega Molina, Tomas"]
[Result "1/2-1/2"]
[WhiteElo "1579"]
[BlackElo "1736"]
[PlyCount "115"]
[GameId "2143932033581229"]
[EventDate "2025.02.03"]
[EventType "swiss"]
[EventRounds "9"]
[EventCountry "ESP"]

1. d4 d5 2. c4 c6 3. cxd5 cxd5 4. Bf4 Nc6 5. Nf3 Bg4 6. e3 Nf6 7. h3 Bh5 8. Be2 e6 9. O-O Bd6 10. Bxd6 Qxd6 11. a3 O-O 12. Nc3 a6 13. Rc1 Rac8 14. Na4 Nd7 15. Nc5 Nxc5 16. dxc5 Qe7 17. Nd4 Bxe2 18. Nxe2 Rfd8 19. b4 e5 20. Qb3 d4 21. exd4 Nxd4 22. Nxd4 Rxd4 23. Rfe1 Rcd8 24. Qe3 f6 25. Rc3 Qd7 26. Qf3 Rd3 27. Re3 Rxe3 28. Qxe3 Kf7 29. Qf3 Qd1+ 30. Kh2 Qxf3 31. Rxf3 Ke6 32. Kg3 Rd4 33. Rb3 Kd5 34. Rb1 Rd3+ 35. f3 Rxa3 36. Rd1+ Ke6 37. Rd6+ Ke7 38. Rb6 e4 39. Rxb7+ Kd8 40. Kf2 e3+ 41. Ke2 Ra2+ 42. Kxe3 Rxg2 43. Ra7 Rb2 44. Rxa6 Rxb4 45. Ra8+ Ke7 46. Ra7+ Kf8 47. Ra8+ Kf7 48. Ra7+ Kg6 49. c6 Rc4 50. c7 Kf5 51. c8=Q+ Rxc8 52. Rxg7 h5 53. Ra7 Rc3+ 54. Kf2 Kg5 55. Ra8 f5 56. Ra5 h4 57. Ra4 Rc2+ 58. Kg1 1/2-1/2

[Event "Madrid-ch Previa-A"]
[Site "Madrid"]
[Date "2025.02.04"]
[Round "2.33"]
[White "Rubio Rivera, Felix"]
[Black "Gonzalez Bolado, David"]
[Result "1-0"]
[WhiteElo "1727"]
[BlackElo "1583"]
[PlyCount "93"]
[GameId "2143933867233467"]
[EventDate "2025.02.03"]
[EventType "swiss"]
[EventRounds "9"]
[EventCountry "ESP"]

1. e4 c5 2. Nc3 Nc6 3. Bb5 g6 4. Bxc6 dxc6 5. f4 Bg7 6. Nf3 Nf6 7. d3 O-O 8. O-O Qc7 9. Qe1 Nh5 10. e5 f6 11. exf6 exf6 12. Qh4 f5 13. Be3 Bf6 14. Qf2 b6 15. Nd2 Bd7 16. Rae1 Rae8 17. Nc4 Be6 18. Ne5 Bd5 19. Nxd5 cxd5 20. d4 cxd4 21. Bxd4 Ng7 22. Qf3 Rd8 23. Qb3 Ne6 24. Be3 Nc5 25. Bxc5 Qxc5+ 26. Kh1 Kg7 27. Rf3 Rfe8 28. Rc3 Qd4 29. Rc7+ Re7 30. Rxe7+ Bxe7 31. Nc6 Qd2 32. Rxe7+ Kf6 33. Qe3 Qd1+ 34. Qe1 Qxe1+ 35. Rxe1 Rd7 36. Nd4 Rc7 37. Kg1 Rc4 38. c3 Rc8 39. Kf2 h6 40. Re6+ Kf7 41. Re5 Rc5 42. Re6 Rc4 43. Rc6 Rxc6 44. Nxc6 a5 45. a4 Kf6 46. Ne5 g5 47. Nd7+ 1-0

[Event "Madrid-ch Previa-A"]
[Site "Madrid"]
[Date "2025.02.04"]
[Round "2.34"]
[White "Olmos Sanz, Francisco J"]
[Black "Goday Rivas, Alvaro"]
[Result "1-0"]
[WhiteElo "1717"]
[BlackElo "1538"]
[PlyCount "75"]
[GameId "2143935723172052"]
[EventDate "2025.02.03"]
[EventType "swiss"]
[EventRounds "9"]
[EventCountry "ESP"]

1. c4 e6 2. g3 d5 3. Bg2 Nf6 4. Nf3 Bd6 5. Nc3 O-O 6. cxd5 exd5 7. O-O c6 8. d3 Be6 9. Bg5 Be7 10. e3 h6 11. Bxf6 Bxf6 12. Qd2 Nd7 13. Rac1 Rc8 14. b4 Qb6 15. d4 a5 16. a3 axb4 17. axb4 Rc7 18. Na4 Qb5 19. Nc5 Nb6 20. Ra1 Nc4 21. Qc3 b6 22. Rfb1 Bf5 23. Rb3 Nd6 24. Bf1 Nc4 25. Nd2 Nxd2 26. Qxd2 Qxf1+ 27. Kxf1 bxc5 28. bxc5 Rfc8 29. Kg2 g5 30. h3 h5 31. Qb2 g4 32. h4 Kg7 33. Rb7 Bd3 34. Rxc7 Rxc7 35. Qb8 Re7 36. Ra8 Kg6 37. Qg8+ Kf5 38. Qh7+ 1-0

[Event "Madrid-ch Previa-A"]
[Site "Madrid"]
[Date "2025.02.04"]
[Round "2.36"]
[White "Jimenez Jimenez, Darfo"]
[Black "Castro Torres, Vicente"]
[Result "1-0"]
[WhiteElo "1710"]
[BlackElo "1534"]
[PlyCount "70"]
[GameId "2143997951627582"]
[EventDate "2025.02.03"]
[EventType "swiss"]
[EventRounds "9"]
[EventCountry "ESP"]

1. e4 c6 2. d4 d5 3. e5 Bf5 4. Ne2 e6 5. Ng3 Bg6 6. h4 h6 7. h5 Bh7 8. Bd3 c5 9. Bxh7 Rxh7 10. Qd3 Rh8 11. O-O cxd4 12. c4 Bc5 13. cxd5 Qxd5 14. f4 Nc6 15. a3 O-O-O 16. b4 Bb6 17. Nd2 f6 18. Nc4 fxe5 19. fxe5 Nxe5 20. Nxe5 Qxe5 21. Bf4 Qd5 22. Ne4 Kd7 23. Bd6 Nf6 24. Rxf6 Qxh5 25. Rf3 Rc8 26. Bc5 e5 27. Raf1 Bxc5 28. Nxc5+ Kc6 29. Rf7 Rc7 30. b5+ Kxc5 31. Qc2+ Kd5 32. Qxc7 Qe2 33. Qxb7+ Kc4 34. Qc6+ Kd3 35. R7f3+ Kd2 1-0

[Event "Madrid-ch Previa-A"]
[Site "Madrid"]
[Date "2025.02.05"]
[Round "3.1"]
[White "Blazquez Sanz, Oscar"]
[Black "Marin Lopez, Jeronimo"]
[Result "1/2-1/2"]
[WhiteElo "1980"]
[BlackElo "1922"]
[PlyCount "79"]
[GameId "2144333641879692"]
[EventDate "2025.02.03"]
[EventType "swiss"]
[EventRounds "9"]
[EventCountry "ESP"]

1. e4 d6 2. d4 Nf6 3. Nc3 Nbd7 4. Be3 e5 5. Bc4 Be7 6. h3 c6 7. Bb3 O-O 8. Nge2 Re8 9. Ng3 a6 10. O-O exd4 11. Bxd4 b5 12. Be3 Bf8 13. a3 Rb8 14. Re1 c5 15. Bd5 b4 16. axb4 cxb4 17. Na4 Nxd5 18. Qxd5 Bb7 19. Qd4 Qh4 20. Bd2 a5 21. c3 Nc5 22. Nxc5 dxc5 23. Qc4 Qf6 24. Be3 Ba6 25. Qa2 bxc3 26. bxc3 Qxc3 27. Rec1 Qe5 28. Qxa5 Bb7 29. Qd2 Bxe4 30. Bf4 Rb2 31. Bxe5 Rxd2 32. Nxe4 Re2 33. f3 Rxe5 34. Ra8 f5 35. Rxc5 R2xe4 36. Rcc8 Re1+ 37. Kh2 Kf7 38. Rxf8+ Kg6 39. Ra7 Re7 40. Rxe7 1/2-1/2

[Event "Madrid-ch Previa-A"]
[Site "Madrid"]
[Date "2025.02.05"]
[Round "3.2"]
[White "Arevillca Colque, Jonatan"]
[Black "Vazquez Gonzalez, Jesus"]
[Result "0-1"]
[WhiteElo "1957"]
[BlackElo "1920"]
[PlyCount "88"]
[GameId "2144336540721323"]
[EventDate "2025.02.03"]
[EventType "swiss"]
[EventRounds "9"]
[EventCountry "ESP"]

1. e4 c6 2. Nc3 a6 3. Nf3 d5 4. a4 Bg4 5. h3 Bh5 6. exd5 cxd5 7. g4 Bg6 8. d4 Nc6 9. Bf4 e6 10. Ne5 Nxe5 11. Bxe5 f6 12. Bg3 Bb4 13. Bd3 Bf7 14. O-O h5 15. Kg2 g5 16. Re1 Rc8 17. Bf5 hxg4 18. hxg4 Bxc3 19. bxc3 Rxc3 20. Bxe6 Bxe6 21. Rxe6+ Kf7 22. Qe2 Qc8 23. Re1 Rxc2 24. Qf3 Rc6 25. Re8 Qd7 26. Rb8 Rh7 27. Ree8 Nh6 28. Qd3 Kg7 29. Qa3 Kg6 30. Qd3+ Kg7 31. Qe2 Kg6 32. Qd3+ f5 33. Rbd8 Qf7 34. gxf5+ Qxf5 35. Rg8+ Kh5 36. Qd1+ Ng4 37. Qh1+ Nh2 38. Qd1+ Ng4 39. Rdf8 Qe4+ 40. f3 Ne3+ 41. Kh2 Rc2+ 42. Kh1 Qe6 43. Qg1 Qh3+ 44. Bh2 Rg2 0-1

[Event "Madrid-ch Previa-A"]
[Site "Madrid"]
[Date "2025.02.05"]
[Round "3.3"]
[White "Pulido Gomez, Pablo"]
[Black "Garcia Galeote, Lorenzo"]
[Result "1-0"]
[WhiteElo "1913"]
[BlackElo "1944"]
[PlyCount "57"]
[GameId "2144337853866170"]
[EventDate "2025.02.03"]
[EventType "swiss"]
[EventRounds "9"]
[EventCountry "ESP"]

1. e4 d5 2. exd5 Qxd5 3. Nc3 Qd6 4. d4 Nf6 5. Nf3 Bg4 6. h3 Bh5 7. g4 Bg6 8. Ne5 Nbd7 9. Nc4 Qe6+ 10. Ne3 Nb6 11. Bg2 O-O-O 12. O-O Qd7 13. a4 e6 14. a5 Nbd5 15. a6 b6 16. Ncxd5 exd5 17. g5 Bh5 18. f3 Ne4 19. Ng4 Bxg4 20. fxg4 f6 21. c4 fxg5 22. Rf5 c6 23. cxd5 cxd5 24. Bxg5 Re8 25. Qb3 Nf6 26. Bxf6 gxf6 27. Rxd5 Qe6 28. Rc1+ Bc5 29. Rcxc5+ 1-0

[Event "Madrid-ch Previa-A"]
[Site "Madrid"]
[Date "2025.02.05"]
[Round "3.4"]
[White "Martin Rodriguez, Emilio"]
[Black "Martin Martin, Luis Vicente"]
[Result "1/2-1/2"]
[WhiteElo "1939"]
[BlackElo "1916"]
[PlyCount "85"]
[GameId "2144338764132555"]
[EventDate "2025.02.03"]
[EventType "swiss"]
[EventRounds "9"]
[EventCountry "ESP"]

1. e4 d5 2. exd5 Qxd5 3. Nc3 Qa5 4. d4 c6 5. Nf3 Bf5 6. Bc4 e6 7. O-O Nf6 8. Bg5 Nbd7 9. a3 Bg4 10. Bd2 Qc7 11. h3 Bh5 12. Re1 O-O-O 13. Ne4 Nxe4 14. Rxe4 Bg6 15. Re1 Bd6 16. Qe2 Bf4 17. Bc3 Nf6 18. Ne5 Nd5 19. Bd2 Bxd2 20. Qxd2 Nb6 21. Bb3 Nd7 22. Qe3 Nxe5 23. dxe5 Kb8 24. Rad1 Rd7 25. Rxd7 Qxd7 26. c3 Rd8 27. Rd1 Qe7 28. Rd4 b6 29. Qd2 Kc7 30. f4 c5 31. Rxd8 Qxd8 32. Qxd8+ Kxd8 33. Kf2 Be4 34. g4 h6 35. Ke3 Bd5 36. Bc2 Ke7 37. Bd1 f6 38. h4 fxe5 39. fxe5 g5 40. hxg5 hxg5 41. Be2 Bb3 42. Bf3 Bd5 43. Be2 1/2-1/2

[Event "Madrid-ch Previa-A"]
[Site "Madrid"]
[Date "2025.02.05"]
[Round "3.5"]
[White "Rodriguez Garcia, Jose Maria"]
[Black "Alvarez Abejon, Amilcar"]
[Result "1/2-1/2"]
[WhiteElo "1935"]
[BlackElo "1912"]
[PlyCount "90"]
[GameId "2144339639312602"]
[EventDate "2025.02.03"]
[EventType "swiss"]
[EventRounds "9"]
[EventCountry "ESP"]

1. Nf3 d6 2. d4 Nf6 3. g3 g6 4. Bg2 Bg7 5. O-O O-O 6. c4 c5 7. dxc5 dxc5 8. Nc3 Nc6 9. Be3 Qa5 10. Qa4 Nd7 11. Qxa5 Nxa5 12. Nd2 Ne5 13. Bxc5 Nexc4 14. Nxc4 Nxc4 15. Rac1 Bh6 16. e3 Nxb2 17. Bxe7 Re8 18. Nd5 Bg7 19. Nf6+ Bxf6 20. Bxf6 Nd3 21. Rc7 Nb4 22. Bxb7 Bxb7 23. Rxb7 a5 24. a3 Nd5 25. Bd4 Ne7 26. Rc1 Rac8 27. Rcc7 Rxc7 28. Rxc7 Nf5 29. Ra7 Nxd4 30. exd4 Re1+ 31. Kg2 Rd1 32. Rxa5 Rxd4 33. Re5 Rd2 34. a4 Ra2 35. a5 Ra3 36. h4 h5 37. Rb5 Kg7 38. Kf1 Ra2 39. Kg2 Ra3 40. Rc5 Kf8 41. Re5 Kg7 42. f4 Kh7 43. Kf2 Kg7 44. Kg2 Kf6 45. Kf2 Kg7 1/2-1/2